000 00787nam a22002657a 4500
001 74677
003 BD-RjUL
005 20211209082603.0
008 181117r19621951enka|||| i||| 001 0 eng d
035 _a(BD-RjUL)74895
040 _aBD-RjUL
_beng
_cBD-RjUL
041 _aeng
082 _223
_a382
_bMEB 1963
100 1 _aMeade, J.E.
_9224979
245 1 4 _aThe balance of payments./
_cJ E Meade
260 _aLondon :
_bOxford University ,
_c1951[1963]
300 _aV.;
_bill ;
_c22 cm
500 _aIncludes Index
505 _tVol. 1: The theory of International Economic Policy.--
650 _aBalance of trade
_9224980
650 _aBalance of payments
_9224981
650 _aInternational economic relations
_9224982
650 _aEconomic policy
_9224983
942 _2ddc
_cBK
999 _c74677
_d74677